Základy firemných financií

Na minha lista:
Detalhes bibliográficos
Autor principal: Marek, Petr
Formato: Livro
Idioma:eslovaco
Publicado em: Ostrava Avízo Print 1990
Edição:1. vyd.
Assuntos:
Acesso em linha:View in OPAC
Tags: Adicionar Tag
Sem tags, seja o primeiro a adicionar uma tag!

MARC

LEADER 00000nam a2200000 a 4500
005 20260127134024.0
008 080314s1990 xo slo d
020 |a 809003361X (brož.)  |c 40.00 
035 |a vtls009207785 
035 |a LVTK16106 
039 9 |a 200809181039  |b mschk03  |y 200803141335  |z VLOAD 
040 |a LVTK  |b slo  |c LVTK  |d STUSCHK1 
041 0 |a slo 
080 |a 336 
100 1 |a Marek, Petr 
245 1 |a Základy firemných financií  |c Petr Marek 
250 |a 1. vyd. 
260 |a Ostrava  |b Avízo Print  |c 1990 
300 |a 63 s. brož. 
650 0 7 |a informačné systémy  |2 LVTK 
650 0 7 |a informácie firemné  |2 LVTK 
910 |a lvtk 
910 |a SCHK95 
919 |a 80-900336-1-X 
999 |c 2258  |d 2258